000 00680nam a22002177a 4500
003 OSt
008 260629b |||||||| |||| 00| 0 eng d
020 _a9788170196334
082 _a633.8893
_bP18D
245 _aDiseases of Medicinal and Aromatic Plants and their Management
_cEditers- Pandey, Rakesh
260 _aNew Delhi
_bIndian Phytopathological Society
_c2019
300 _a352p.
650 _aMedicinal plants $x Diseases $x Management.
650 _aAromatic plants $x Diseases $x Management.
650 _aPlant diseases $x Management.
700 _aMishra, A.K
700 _aSingh, H.B.
700 _aKalra, Alok
700 _aSingh, Dinesh
942 _2ddc
_cBK
999 _c52460
_d52460